[Event "Fagernes Chess International"]
[Site "Fagernes"]
[Date "2015.03.29"]
[Round "7"]
[White "Machlik, Endre"]
[Black "Nilsen, Martin"]
[Result "0-1"]
[WhiteElo "2036"]
[BlackElo "2025"]
[PlyCount "82"]
[EventDate "2015.??.??"]

1. d4 e6 2. c4 f5 3. Nc3 Bb4 4. Qc2 Bxc3+ 5. Qxc3 Nf6 6. Nh3 Ne4 7. Qc2 c5 8.
f3 Qa5+ 9. Kd1 Nf6 10. Qc3 Qxc3 11. bxc3 b6 12. Bf4 Ke7 13. Kc2 h6 14. e3 g5
15. Bg3 Nc6 16. Rd1 d6 17. Nf2 Ba6 18. d5 Ne5 19. Kb3 Rad8 20. h4 Rb8 21. hxg5
hxg5 22. Rxh8 Rxh8 23. Bxe5 dxe5 24. d6+ Kf7 25. Bd3 Rd8 26. e4 Rxd6 27. exf5
Bc8 28. fxe6+ Bxe6 29. Re1 b5 30. Rxe5 bxc4+ 31. Bxc4 Rb6+ 32. Kc2 Bxc4 33.
Rxc5 Bxa2 34. Rc7+ Kg6 35. Rxa7 Bc4 36. Ra5 Re6 37. Kd1 Re2 38. Nh3 Rxg2 39.
Nxg5 Nd5 40. Ne4 Ne3+ 41. Ke1 Re2#
0-1

[Event "Fagernes Chess International"]
[Site "Fagernes"]
[Date "2015.03.29"]
[Round "7"]
[White "Jacobsen, Fredrik Beer"]
[Black "Engevik, Bjarne J."]
[Result "1-0"]
[WhiteElo "2011"]
[BlackElo "1819"]
[PlyCount "85"]
[EventDate "2015.??.??"]

1. e4 d5 2. exd5 Nf6 3. d4 Qxd5 4. Nc3 Qa5 5. Bc4 e6 6. Nge2 Bd6 7. Bd2 Qh5 8.
Nb5 Nc6 9. Nxd6+ cxd6 10. c3 d5 11. Bd3 O-O 12. Qc2 e5 13. Ng3 Qh4 14. dxe5
Nxe5 15. O-O-O Nxd3+ 16. Qxd3 Be6 17. Be3 Rfd8 18. Bd4 Rac8 19. Kb1 Ne4 20. f3
Nc5 21. Bxc5 Rxc5 22. Qe3 Qc4 23. Rd4 Qb5 24. f4 Rdc8 25. Ka1 Rc4 26. f5 Rxd4
27. Qxd4 Rc4 28. Qe5 Bc8 29. f6 g6 30. Re1 Be6 31. Qg5 Qc5 32. Nf5 Qf8 33. Ne7+
Kh8 34. Nxd5 Rg4 35. Qd2 Ra4 36. b3 Ra5 37. Nc7 Bxb3 38. Re8 Qxe8 39. Nxe8
Rxa2+ 40. Qxa2 Bxa2 41. Kxa2 Kg8 42. Kb3 Kf8 43. Nd6
1-0

[Event "Fagernes Chess International"]
[Site "Fagernes"]
[Date "2015.03.29"]
[Round "7"]
[White "Taksrud, Vidar"]
[Black "Lund, Gunnar"]
[Result "1/2-1/2"]
[WhiteElo "2009"]
[BlackElo "1719"]
[PlyCount "134"]
[EventDate "2015.??.??"]

1. Nc3 d5 2. d4 Bf5 3. Nf3 Nf6 4. Ne5 Nbd7 5. f3 e6 6. Bg5 Be7 7. e4 dxe4 8.
Nxd7 Qxd7 9. Bxf6 Bxf6 10. fxe4 Bg6 11. e5 Be7 12. Bd3 O-O 13. Bxg6 fxg6 14.
Qd3 b5 15. O-O-O b4 16. Ne4 Qd5 17. Kb1 a5 18. Rhf1 Rxf1 19. Rxf1 a4 20. Rf3
Rd8 21. Rf4 a3 22. b3 g5 23. Rg4 h5 24. Nxg5 Bxg5 25. Rxg5 Qxd4 26. Qxd4 Rxd4
27. Kc1 h4 28. g3 hxg3 29. hxg3 Kh7 30. Rh5+ Kg6 31. Rh8 Rd5 32. Rb8 c5 33. c3
bxc3 34. Ra8 Rxe5 35. Rxa3 Re2 36. Ra5 Kf5 37. Rxc5+ Ke4 38. Rxc3 Rxa2 39. b4
Kd4 40. Rc6 Kd5 41. Rc5+ Kd6 42. Rg5 Ra4 43. Rg4 Ra7 44. Kb2 Kc6 45. Kb3 Kd5
46. Rg5+ e5 47. b5 Kd4 48. Rg6 Kc5 49. b6 Rb7 50. Kc3 Rxb6 51. Rxg7 Rb8 52. Kd3
Kd5 53. Ke3 Rb3+ 54. Kf2 Ke6 55. Kg2 Kf6 56. Rg8 Kf7 57. Rg4 Rb2+ 58. Kh3 Kf6
59. Rg8 Rb7 60. g4 Rh7+ 61. Kg3 Rg7 62. Rf8+ Rf7 63. Ra8 Re7 64. Kf3 e4+ 65.
Ke3 Re6 66. Ra5 Re5 67. Ra8 Re6
1/2-1/2

[Event "Fagernes Chess International"]
[Site "Fagernes"]
[Date "2015.03.29"]
[Round "7"]
[White "Johansen, Pål H"]
[Black "Omtvedt, Per"]
[Result "1-0"]
[WhiteElo "1962"]
[BlackElo "1919"]
[PlyCount "73"]
[EventDate "2015.??.??"]

1. Nf3 d5 2. g3 g6 3. Bg2 Bg7 4. d4 Nf6 5. O-O O-O 6. c4 c6 7. Nc3 Ne4 8. Qb3
Nxc3 9. bxc3 e6 10. Bf4 b6 11. Rfe1 Ba6 12. cxd5 cxd5 13. e4 Bc4 14. Qc2 Nc6
15. e5 Rc8 16. h4 b5 17. a3 a5 18. Qd2 Qb6 19. Rab1 Rb8 20. h5 Rfe8 21. Bh6 b4
22. Bxg7 Kxg7 23. Qf4 Qd8 24. Ng5 Qe7 25. cxb4 axb4 26. axb4 Rxb4 27. Rxb4 Nxb4
28. Rb1 Nd3 29. h6+ Kg8 30. Qf6 Qxf6 31. exf6 e5 32. Rb7 exd4 33. Rxf7 Re1+ 34.
Kh2 Nxf2 35. Rg7+ Kf8 36. Nxh7+ Ke8 37. f7+
1-0

[Event "Fagernes Chess International"]
[Site "Fagernes"]
[Date "2015.03.29"]
[Round "7"]
[White "Fossan, Andreas"]
[Black "Mørkedal, Øyvind"]
[Result "1/2-1/2"]
[WhiteElo "1873"]
[BlackElo "1711"]
[PlyCount "97"]
[EventDate "2015.??.??"]

1. d4 Nf6 2. Nf3 d5 3. c4 e6 4. g3 Be7 5. Bg2 c6 6. O-O O-O 7. Nc3 Nbd7 8. Re1
Re8 9. Qc2 h6 10. Rb1 a5 11. a3 Nb6 12. c5 Nbd7 13. b4 axb4 14. axb4 b6 15.
cxb6 Nxb6 16. Ne5 Qc7 17. Nb5 Qb7 18. Qxc6 Qxc6 19. Nxc6 Bd7 20. Nxe7+ Rxe7 21.
Nc3 Rc8 22. Rb3 Ba4 23. Nxa4 Nxa4 24. Bf4 Nc3 25. Bf3 Nb5 26. Rd1 Rc2 27. g4
Nc3 28. Re1 Ra7 29. Bg3 Raa2 30. e3 Nfe4 31. Bxe4 Nxe4 32. Rf1 Nd2 33. Rfb1
Nxb1 34. Rxb1 Rab2 35. Rxb2 Rxb2 36. Bd6 f6 37. Kg2 Kf7 38. Kg3 g6 39. h3 h5
40. Kf3 h4 41. Kg2 g5 42. Kf3 f5 43. Kg2 fxg4 44. hxg4 Kg6 45. Be7 h3+ 46. Kxh3
Rxf2 47. Kg3 Rb2 48. Kf3 Rb3 49. Kf2
1/2-1/2

[Event "Fagernes Chess International"]
[Site "Fagernes"]
[Date "2015.03.29"]
[Round "7"]
[White "Bjørgvik, Jan Arne"]
[Black "Dybvik, Bjørn Noralf"]
[Result "1-0"]
[WhiteElo "1833"]
[BlackElo "1650"]
[PlyCount "89"]
[EventDate "2015.??.??"]

1. e4 c6 2. d4 d5 3. exd5 cxd5 4. Nf3 Nc6 5. h3 Nf6 6. c3 Qb6 7. Bd3 e6 8. O-O
Bd6 9. Re1 O-O 10. b3 h6 11. Be3 Qc7 12. Nbd2 e5 13. dxe5 Nxe5 14. Nxe5 Bxe5
15. Bd4 Bxd4 16. cxd4 Qf4 17. Nf3 Bd7 18. Ne5 Bc8 19. g3 Qg5 20. h4 Qh5 21.
Qxh5 Nxh5 22. Rac1 Be6 23. Rc7 Rab8 24. Nd7 Rfc8 25. Rxc8+ Rxc8 26. Nc5 Bh3 27.
Nxb7 Nf6 28. Nc5 Kf8 29. f3 Bd7 30. g4 Bc6 31. h5 Ne8 32. Ba6 Rb8 33. a3 Nc7
34. b4 Nb5 35. Bxb5 Bxb5 36. a4 Bxa4 37. Nxa4 Rxb4 38. Nc3 Rxd4 39. Kf2 Rd3 40.
Nb5 Rd2+ 41. Re2 Rxe2+ 42. Kxe2 Ke7 43. Nxa7 Kd6 44. Ke3 g6 45. g5
1-0

[Event "Fagernes Chess International"]
[Site "Fagernes"]
[Date "2015.03.29"]
[Round "7"]
[White "Ingebretsen, Jens E"]
[Black "Robertsen, Bjørn"]
[Result "0-1"]
[WhiteElo "1449"]
[BlackElo "1810"]
[PlyCount "80"]
[EventDate "2015.??.??"]

1. d4 Nf6 2. c4 e6 3. Nc3 Bb4 4. Qc2 c5 5. e3 b6 6. a3 cxd4 7. exd4 Bxc3+ 8.
bxc3 Bb7 9. Bf4 d5 10. cxd5 Nxd5 11. Bg3 Nd7 12. c4 Ne7 13. Bh4 Nf8 14. Ne2
Nfg6 15. Bxe7 Nxe7 16. Rd1 Rc8 17. Nc1 Ng6 18. c5 O-O 19. Nb3 Qg5 20. Qd2 Qxd2+
21. Rxd2 Bd5 22. Ba6 Bxb3 23. Bxc8 Rxc8 24. Rd3 Bd5 25. cxb6 axb6 26. Kd2 Bxg2
27. Rg1 Bd5 28. Rc3 Rb8 29. Rgc1 Ne7 30. Rc7 Kf8 31. Kd3 b5 32. R7c3 Bc4+ 33.
Ke4 Nd5 34. R3c2 Ra8 35. Ra1 Ke7 36. Rcc1 Be2 37. Re1 f5+ 38. Ke5 g5 39. Ra2
Bc4 40. Raa1 Nf4
0-1

[Event "Fagernes Chess International"]
[Site "Fagernes"]
[Date "2015.03.29"]
[Round "7"]
[White "Ali, Karim"]
[Black "Galinskyi, Mykhalo"]
[Result "1-0"]
[WhiteElo "1798"]
[BlackElo "1490"]
[PlyCount "69"]
[EventDate "2015.??.??"]

1. e4 d5 2. exd5 Qxd5 3. Nc3 Qd6 4. Nf3 a6 5. d4 Nf6 6. Be2 Bf5 7. O-O e6 8.
Bg5 Be7 9. Qd2 Nc6 10. Rfd1 Rd8 11. Bf4 Qd7 12. a3 O-O 13. Rac1 Ne4 14. Qe3
Nxc3 15. Qxc3 Bd6 16. Ne5 Bxe5 17. dxe5 Qe7 18. Bf3 Rxd1+ 19. Rxd1 Rd8 20.
Rxd8+ Qxd8 21. Kf1 h6 22. Ke1 Nd4 23. Bd1 Nb5 24. Qd2 Qh4 25. c4 g5 26. Qd8+
Kh7 27. g4 Na7 28. Bg3 Nc6 29. Qxc7 Qh3 30. Qxf7+ Kh8 31. gxf5 exf5 32. Bc2 Nd4
33. Qe8+ Kg7 34. Qd7+ Kg6 35. Qxd4
1-0

[Event "Fagernes Chess International"]
[Site "Fagernes"]
[Date "2015.03.29"]
[Round "7"]
[White "Nilsen, Tobias Lang"]
[Black "Bue, Gunnar"]
[Result "1-0"]
[WhiteElo "1761"]
[BlackElo "1673"]
[PlyCount "53"]
[EventDate "2015.??.??"]

1. Nf3 c5 2. c4 Nc6 3. Nc3 e5 4. d3 Nge7 5. e3 g6 6. Ne4 Nf5 7. Bd2 d6 8. g4
Ng7 9. g5 Be7 10. h4 Bf5 11. Nc3 Be6 12. Bh3 O-O 13. Bxe6 fxe6 14. Nh2 d5 15.
cxd5 exd5 16. Qb3 Nb4 17. O-O Kh8 18. Rad1 Nf5 19. Nf3 Bd6 20. Nxd5 Nxd5 21.
Qxd5 Ne7 22. Qxb7 Rb8 23. Qe4 Nf5 24. Bc3 Qe7 25. Nxe5 Ng7 26. Nc6 Qxe4 27.
dxe4
1-0

[Event "Fagernes Chess International"]
[Site "Fagernes"]
[Date "2015.03.29"]
[Round "7"]
[White "Mansoor, Afras"]
[Black "Edakina, Anastasia"]
[Result "1/2-1/2"]
[WhiteElo "1625"]
[BlackElo "1760"]
[PlyCount "130"]
[EventDate "2015.??.??"]

1. d4 d5 2. c4 c6 3. Nf3 Nf6 4. e3 Bf5 5. cxd5 cxd5 6. Qb3 Qc7 7. Nc3 e6 8. Bd2
a6 9. Rc1 Nc6 10. Ne5 Bd6 11. Nxc6 bxc6 12. a3 O-O 13. Be2 Rfb8 14. Qa2 Ne4 15.
Nxe4 Bxe4 16. f3 Bg6 17. f4 a5 18. O-O Qb6 19. Bc3 c5 20. a4 c4 21. Bd1 Bb4 22.
Rf2 Qd8 23. Bc2 Qf6 24. Bxg6 Qxg6 25. Rfc2 Qd3 26. Kf2 Bxc3 27. bxc3 Rb3 28.
Rd2 Qf5 29. Rb2 Qd3 30. Rd2 Qg6 31. Rb2 Rab8 32. Rbc2 Qf6 33. Rd1 Qh4+ 34. Kg1
Qd8 35. Re1 Qb6 36. Ree2 f6 37. g3 Kf7 38. Kg2 Qb7 39. Qa1 Qb6 40. Qa2 Rb7 41.
Kf2 Qd6 42. Rb2 Qb8 43. Rbc2 Qe8 44. Kg2 Kg8 45. Red2 Rb1 46. Re2 Qg6 47. e4
R7b3 48. exd5 exd5 49. Rb2 R3xb2 50. Rxb2 Qe4+ 51. Kh3 Rg1 52. Rg2 Qf5+ 53. g4
Qd3+ 54. Kh4 Rf1 55. f5 Rf3 56. Rg3 Rxg3 57. hxg3 Qe3 58. Kh3 Qxc3 59. Qe2 Kf8
60. Qe6 Qxd4 61. Qc8+ Ke7 62. Qc7+ Ke8 63. Qc8+ Ke7 64. Qc7+ Ke8 65. Qc8+ Ke7
1/2-1/2

[Event "Fagernes Chess International"]
[Site "Fagernes"]
[Date "2015.03.29"]
[Round "7"]
[White "Berntsen-Øybø, August"]
[Black "Krogseth, Lars Martin"]
[Result "1-0"]
[WhiteElo "1717"]
[BlackElo "1585"]
[PlyCount "43"]
[EventDate "2015.??.??"]

1. e4 d5 2. exd5 Nf6 3. Bb5+ Bd7 4. Bxd7+ Qxd7 5. c4 e6 6. dxe6 fxe6 7. d4 Bb4+
8. Bd2 Bxd2+ 9. Qxd2 Nc6 10. Nf3 O-O-O 11. O-O Nxd4 12. Ne5 Qe7 13. Qa5 Kb8 14.
Na3 a6 15. b4 c6 16. b5 Qc5 17. Nf7 Rdf8 18. Nxh8 Ng4 19. Qd2 Nxh2 20. Kxh2
Nf3+ 21. gxf3 Rxf3 22. Qd8+
1-0

[Event "Fagernes Chess International"]
[Site "Fagernes"]
[Date "2015.03.29"]
[Round "7"]
[White "Jacobsen, Caroline Beer"]
[Black "Shehzad, Shazil"]
[Result "1-0"]
[WhiteElo "1668"]
[BlackElo "1518"]
[PlyCount "149"]
[EventDate "2015.??.??"]

1. e4 c5 2. Nc3 e6 3. f4 d5 4. exd5 exd5 5. d4 b6 6. dxc5 d4 7. Qf3 Qc7 8. Bb5+
Nd7 9. Qxa8 dxc3 10. Qe4+ Ne7 11. bxc3 Qxc5 12. c4 a6 13. Bxd7+ Bxd7 14. Nf3
Bc6 15. Qe2 Bxf3 16. Qxf3 Qxc4 17. Qd3 Qxd3 18. cxd3 Nd5 19. Bd2 Bd6 20. g3 Kd7
21. Kf2 Bc5+ 22. Kf3 Nb4 23. Bxb4 Bxb4 24. Rac1 Bc5 25. Rc4 Bd6 26. Rhc1 Rb8
27. Rc6 Bc5 28. R1xc5 bxc5 29. Rxc5 Rb2 30. Ra5 Rb6 31. Ke4 Ke6 32. d4 g6 33.
g4 f6 34. Kd3 Kd6 35. Kc4 Rc6+ 36. Kd3 Rb6 37. Ke4 Ke6 38. f5+ gxf5+ 39. gxf5+
Kd6 40. Ra3 Kc6 41. Rh3 Rb7 42. Rb3 Rxb3 43. axb3 Kd6 44. Ke3 Kd5 45. h3 h6 46.
Kd3 Kd6 47. Kc4 Kc6 48. Kb4 Kd5 49. Ka5 Ke4 50. Kxa6 Kxf5 51. b4 Ke4 52. b5 f5
53. b6 f4 54. b7 Kxd4 55. b8=Q Ke3 56. Qe5+ Kf3 57. Qh5+ Kg3 58. Qxh6 f3 59.
Qe3 Kg2 60. h4 f2 61. Qe2 Kg1 62. h5 f1=Q 63. Qxf1+ Kxf1 64. h6 Ke2 65. h7 Ke3
66. h8=Q Ke4 67. Qh5 Kd4 68. Kb6 Ke4 69. Kc6 Kd4 70. Qf5 Ke3 71. Qg4 Kd3 72.
Kc5 Ke3 73. Kd5 Kd3 74. Qg3+ Kd2 75. Kc4
1-0

[Event "Fagernes Chess International"]
[Site "Fagernes"]
[Date "2015.03.29"]
[Round "7"]
[White "Kløfsrud, August Kristiansen"]
[Black "Wærstad, Leif E"]
[Result "1-0"]
[WhiteElo "1571"]
[BlackElo "1622"]
[PlyCount "71"]
[EventDate "2015.??.??"]

1. d4 d5 2. c4 e6 3. Nf3 Nf6 4. Nc3 Be7 5. Bf4 c6 6. e3 Nbd7 7. c5 O-O 8. Bd3
b6 9. b4 Bb7 10. Qc2 Re8 11. Ng5 g6 12. h4 Nh5 13. g4 Nxf4 14. exf4 Bxg5 15.
hxg5 Kg7 16. Kd2 f6 17. f5 gxf5 18. gxf5 e5 19. Qd1 e4 20. Qh5 Rh8 21. Qh6+ Kf7
22. g6+ Ke8 23. Qg7 Rf8 24. Rxh7 Rc8 25. Rh8 Qe7 26. Qh6 Rxh8 27. Qxh8+ Nf8 28.
g7 Kd7 29. g8=Q Ng6 30. Qe6+ Kc7 31. Qxe7+ Nxe7 32. Qg7 Kd7 33. Be2 Rg8 34. Qf7
Rg2 35. Rh1 Rxf2 36. Qe6+
1-0

[Event "Fagernes Chess International"]
[Site "Fagernes"]
[Date "2015.03.29"]
[Round "7"]
[White "Mansoor, Safeer Uddin"]
[Black "Yilmaz, Kazim"]
[Result "1/2-1/2"]
[WhiteElo "1300"]
[BlackElo "1620"]
[PlyCount "72"]
[EventDate "2015.??.??"]

1. e4 d6 2. d4 Nd7 3. Nf3 e5 4. Bc4 Be7 5. c3 Bf6 6. Be3 Ne7 7. dxe5 Nxe5 8.
Nxe5 Bxe5 9. Nd2 O-O 10. f4 Bf6 11. Nf3 Nc6 12. O-O a5 13. a3 Kh8 14. Qb3 a4
15. Qc2 Be6 16. Bd3 h6 17. Nd4 Re8 18. Nxe6 fxe6 19. Bb5 e5 20. f5 Bg5 21. Bxg5
Qxg5 22. Rae1 Rf8 23. Re3 Qxe3+ 24. Kh1 Qg5 25. Bxa4 g6 26. Bb3 gxf5 27. exf5
Rf6 28. Qe4 Raf8 29. g4 h5 30. Rg1 Qf4 31. Qe2 e4 32. g5 Qf3+ 33. Qxf3 exf3 34.
gxf6 Rxf6 35. Bc2 Ne5 36. Be4 Nc4
1/2-1/2

[Event "Fagernes Chess International"]
[Site "Fagernes"]
[Date "2015.03.29"]
[Round "7"]
[White "Tenold, Andreas"]
[Black "Shehzad, Kasher"]
[Result "0-1"]
[WhiteElo "1466"]
[BlackElo "1589"]
[PlyCount "88"]
[EventDate "2015.??.??"]

1. c4 c5 2. Nc3 Nc6 3. g3 g6 4. Bg2 Bg7 5. Nf3 Nf6 6. e3 e6 7. O-O O-O 8. d4
cxd4 9. exd4 d5 10. cxd5 Nxd5 11. Bg5 Qd7 12. Qd2 Re8 13. Bh6 Bh8 14. Nxd5 Qxd5
15. Rfd1 Rd8 16. Be3 Qd7 17. Rac1 f6 18. Rc3 Nb4 19. a3 Nd5 20. Rd3 b6 21. Ne1
Bb7 22. Nc2 a5 23. Bxd5 Qxd5 24. f3 Qxf3 25. Rc1 Qh1+ 26. Kf2 Qxh2+ 27. Ke1
Qxg3+ 28. Bf2 Qg2 29. Qe2 Qd5 30. Ne3 Qd7 31. Ng4 Rac8 32. Rdc3 h5 33. Ne3 Qxd4
34. Nc4 Qd5 35. Nxb6 Qh1+ 36. Qf1 Qxf1+ 37. Kxf1 Rxc3 38. Rxc3 Rd2 39. Rc7 Ba6+
40. Kg2 Rxb2 41. Ra7 Bd3 42. Rxa5 f5 43. Ra8+ Kh7 44. a4 Bd4
0-1

[Event "Fagernes Chess International"]
[Site "Fagernes"]
[Date "2015.03.29"]
[Round "7"]
[White "Grindbakken, Erik"]
[Black "Brobakken, Lars Erik"]
[Result "0-1"]
[WhiteElo "1546"]
[BlackElo "1284"]
[PlyCount "66"]
[EventDate "2015.??.??"]

1. c4 Nf6 2. d4 c5 3. d5 b5 4. b3 d6 5. Nc3 bxc4 6. bxc4 g6 7. Rb1 Bg7 8. e4
Nbd7 9. Qa4 O-O 10. Bd2 Ne5 11. f4 Ned7 12. Nf3 Nb6 13. Qa3 Bg4 14. Bd3 Bxf3
15. gxf3 Nh5 16. Ne2 e6 17. Ng3 Qh4 18. Kf2 Nxf4 19. Bf1 Nh5 20. Bg2 Nxc4 21.
Qc1 Nxd2 22. Qxd2 exd5 23. Qxd5 Be5 24. Rbd1 Nxg3 25. hxg3 Qxg3+ 26. Kf1 Bd4
27. Rxd4 cxd4 28. Qxd4 Rac8 29. Qd2 Qe5 30. Kf2 Rc7 31. Bf1 Rfc8 32. Bd3 Rb8
33. Qh6 Rb2+
0-1

[Event "Fagernes Chess International"]
[Site "Fagernes"]
[Date "2015.03.29"]
[Round "7"]
[White "Hina, Ariza"]
[Black "Skjølingstad, Sverre"]
[Result "0-1"]
[WhiteElo "816"]
[BlackElo "1513"]
[PlyCount "110"]
[EventDate "2015.??.??"]

1. e4 c5 2. Nf3 d6 3. Nc3 Nf6 4. Bb5+ Bd7 5. Bxd7+ Nbxd7 6. d3 e6 7. Be3 Ng4 8.
O-O Nxe3 9. fxe3 Be7 10. d4 cxd4 11. exd4 Bf6 12. Qd2 O-O 13. Qf4 Qc7 14. Qg3
Rac8 15. Rf2 Qb6 16. Nd1 Bxd4 17. Nxd4 Qxd4 18. Qe3 Qxe3 19. Nxe3 Rc7 20. Rd1
Nc5 21. Rf4 Rd8 22. e5 Rcd7 23. exd6 Rxd6 24. Rxd6 Rxd6 25. Nc4 Rd5 26. Rf2 Kf8
27. Kf1 Ke7 28. Ke2 Ne4 29. Rf3 Nd6 30. Nxd6 Rxd6 31. Ke3 f6 32. Rg3 Kf7 33.
Ke2 e5 34. Rd3 Ke6 35. Ke3 g6 36. g4 Rxd3+ 37. cxd3 Kd5 38. b3 h6 39. a3 f5 40.
h3 f4+ 41. Kf3 Kd4 42. Ke2 Kc3 43. b4 b5 44. h4 a6 45. g5 h5 46. Kf3 Kxd3 47.
Kf2 e4 48. Kf1 Kd2 49. Kf2 e3+ 50. Kf3 e2 51. Kxf4 e1=Q 52. Kf3 Qe3+ 53. Kg2
Ke2 54. Kh1 Kf2 55. Kh2 Qg3+
0-1

[Event "Fagernes Chess International"]
[Site "Fagernes"]
[Date "2015.03.29"]
[Round "7"]
[White "Merkesvik, Amalie Isabel"]
[Black "Shehzad, Alisha"]
[Result "1/2-1/2"]
[WhiteElo "1462"]
[BlackElo "879"]
[PlyCount "92"]
[EventDate "2015.??.??"]

1. e4 e5 2. Nf3 Nc6 3. Nc3 Nf6 4. Bc4 Bc5 5. O-O O-O 6. d3 h6 7. h3 d6 8. Be3
Bb6 9. Bxb6 axb6 10. d4 exd4 11. Nxd4 Bd7 12. Re1 Re8 13. Nxc6 Bxc6 14. Qd3 Qd7
15. Nd5 Bxd5 16. Bxd5 Nxd5 17. Qxd5 Qc6 18. Qxc6 bxc6 19. a3 Re7 20. Re3 Rae8
21. Rae1 d5 22. exd5 Rxe3 23. Rxe3 Rxe3 24. fxe3 cxd5 25. Kf2 Kf8 26. Ke2 Ke7
27. Kd3 c5 28. e4 Ke6 29. exd5+ Kxd5 30. c4+ Ke5 31. g3 g5 32. Ke3 f5 33. b4
cxb4 34. axb4 Kd6 35. h4 Ke5 36. h5 Kd6 37. Kd4 f4 38. gxf4 gxf4 39. c5+ bxc5+
40. bxc5+ Kc6 41. Ke4 Kxc5 42. Kxf4 Kd4 43. Kf5 Kd5 44. Kg6 Ke6 45. Kxh6 Kf6
46. Kh7 Kf7
1/2-1/2

[Event "Fagernes Chess International"]
[Site "Fagernes"]
[Date "2015.03.29"]
[Round "7"]
[White "Larsen, Per Magnus"]
[Black "Sæteren, Erlend"]
[Result "1/2-1/2"]
[WhiteElo "1312"]
[BlackElo "1428"]
[PlyCount "103"]
[EventDate "2015.??.??"]

1. d4 Nf6 2. c4 g6 3. Nc3 Bg7 4. e4 d6 5. Bg5 O-O 6. Qd2 c5 7. d5 Na6 8. Be2
Nc7 9. h3 Rb8 10. Nf3 Bd7 11. a4 a6 12. O-O b5 13. axb5 axb5 14. e5 Nfe8 15.
Bh6 bxc4 16. Bxg7 Kxg7 17. Bxc4 Rb4 18. b3 Nb5 19. Bd3 Rxb3 20. Nxb5 Bxb5 21.
Bxb5 Rxb5 22. Rfb1 Qb6 23. Rxb5 Qxb5 24. Qc3 Kg8 25. Re1 Nc7 26. Qd2 Kg7 27.
exd6 exd6 28. Re7 Na6 29. Ng5 Qb1+ 30. Kh2 Kg8 31. Qf4 Qf5 32. Qxf5 gxf5 33.
Rd7 Nb4 34. Rxd6 f6 35. Rd7 fxg5 36. d6 Rf7 37. Rc7 Nc6 38. Rxc6 Rd7 39. Rc8+
Kf7 40. Rc7 Ke6 41. Rxc5 Rxd6 42. Rc7 h6 43. Rh7 Ke5 44. Re7+ Kf6 45. Rb7 Re6
46. g3 Re7 47. Rb3 h5 48. Rb6+ Re6 49. Rb8 Re7 50. Rf8+ Rf7 51. Rb8 Re7 52.
Rf8+
1/2-1/2

[Event "Fagernes Chess International"]
[Site "Fagernes"]
[Date "2015.03.29"]
[Round "8"]
[White "Nilsen, Martin"]
[Black "Bentsen, Håkon"]
[Result "1-0"]
[WhiteElo "2025"]
[BlackElo "2050"]
[PlyCount "49"]
[EventDate "2015.??.??"]

1. e3 e5 2. c4 Nf6 3. Nc3 c6 4. Nf3 Bd6 5. d4 exd4 6. exd4 O-O 7. Be2 Bb4 8.
O-O d5 9. Bg5 dxc4 10. Ne5 Be6 11. Bxc4 Bxc4 12. Nxc4 Be7 13. Qb3 b5 14. Ne3
Qxd4 15. Nf5 Qe5 16. Nxe7+ Qxe7 17. Rfe1 Qc7 18. Bxf6 gxf6 19. Ne4 Nd7 20. Rad1
Rae8 21. Qd3 Qf4 22. g3 Qg4 23. f3 Qf5 24. Qxd7 Qxf3 25. Nxf6+ 
1-0

[Event "Fagernes Chess International"]
[Site "Fagernes"]
[Date "2015.03.29"]
[Round "8"]
[White "Maloberti, David"]
[Black "Jacobsen, Fredrik Beer"]
[Result "0-1"]
[WhiteElo "2140"]
[BlackElo "2011"]
[PlyCount "66"]
[EventDate "2015.??.??"]

1. d4 Nf6 2. c4 e6 3. Nf3 Be7 4. Bf4 O-O 5. e3 b6 6. Bd3 Bb7 7. O-O c5 8. Nc3
cxd4 9. exd4 d5 10. b3 h6 11. Ne5 Nc6 12. Nxc6 Bxc6 13. Be3 Bd6 14. f4 Re8 15.
Kh1 Rc8 16. Rc1 Ba8 17. Nb5 dxc4 18. bxc4 Bb8 19. Nc3 Qd7 20. Be2 Ne4 21. Nxe4
Bxe4 22. Bf3 Bxf3 23. Rxf3 b5 24. c5 Qd5 25. Rg3 Kh7 26. Qd3+ Kh8 27. Qxb5 Qxa2
28. Qd7 Rf8 29. Rh3 Qa6 30. Qe7 Bc7 31. g4 Qc6+ 32. Kg1 f6 33. d5 exd5 0-1

[Event "Fagernes Chess International"]
[Site "Fagernes"]
[Date "2015.03.29"]
[Round "8"]
[White "Machlik, Endre"]
[Black "Tangelder, Yonne"]
[Result "1-0"]
[WhiteElo "2036"]
[BlackElo "1875"]
[PlyCount "81"]
[EventDate "2015.??.??"]

1. d4 f5 2. c4 Nf6 3. Nc3 g6 4. h4 Bg7 5. h5 Nxh5 6. e4 d6 7. Rxh5 gxh5 8.
Qxh5+ Kd7 9. Qxf5+ e6 10. Qh3 Nc6 11. d5 Nd4 12. Be3 Qe7 13. O-O-O Kd8 14. dxe6
Nxe6 15. Nd5 Qf7 16. Be2 Bd7 17. Qh4+ Kc8 18. f4 c6 19. Ne7+ Kc7 20. Nf5 Bf6
21. Nxd6 Qg7 22. Qe1 Bxb2+ 23. Kc2 Bd4 24. Nf5 Qxg2 25. Nxd4 Qxe4+ 26. Bd3
Nxd4+ 27. Kb1 Qe7 28. Bxd4 Qxe1 29. Rxe1 Rhe8 30. Be5+ Kb6 31. Bxh7 Kc5 32. Bd3
Be6 33. Rc1 Rad8 34. Bf1 Rd2 35. Nf3 Rd7 36. Kb2 Bg4 37. Ng5 Red8 38. Ne4+ Kb6
39. c5+ Ka5 40. Ka3 Bf5 41. Bc3# 
1-0

[Event "Fagernes Chess International"]
[Site "Fagernes"]
[Date "2015.03.29"]
[Round "8"]
[White "Melkevik, Johannes"]
[Black "Kvisla, Johannes Luangtep"]
[Result "0-1"]
[WhiteElo "2014"]
[BlackElo "2174"]
[PlyCount "46"]
[EventDate "2015.??.??"]

1. e4 c6 2. d4 d5 3. e5 Bf5 4. h4 c5 5. g4 Bd7 6. Nc3 Nc6 7. Be3 cxd4 8. Bxd4
Nxd4 9. Qxd4 e6 10. Nge2 Qa5 11. Bg2 Rc8 12. Qd3 Bc5 13. O-O Qb4 14. Qg3 Ne7
15. a3 Qxb2 16. Rfb1 Qxc2 17. Ra2 Qg6 18. Nf4 Qh6 19. Rxb7 Ng6 20. Nfxd5 exd5
21. Rxd7 Kxd7 22. Qf3 Qc1+ 23. Kh2 Qf4+ 
0-1

[Event "Fagernes Chess International"]
[Site "Fagernes"]
[Date "2015.03.29"]
[Round "8"]
[White "Machlik, Monika"]
[Black "Ranaldi, Lucas"]
[Result "1-0"]
[WhiteElo "1967"]
[BlackElo "2014"]
[PlyCount "113"]
[EventDate "2015.??.??"]

1. d4 Nf6 2. c4 e6 3. Nc3 Bb4 4. Qc2 Nc6 5. e3 d6 6. Bd2 O-O 7. a3 Bxc3 8. Bxc3
a5 9. b3 Re8 10. Nf3 Qe7 11. Be2 e5 12. dxe5 dxe5 13. O-O Bg4 14. Rfd1 Bh5 15.
Qb2 Ne4 16. Be1 Bg6 17. b4 b6 18. c5 axb4 19. axb4 bxc5 20. Bb5 Nxb4 21. Bxe8
Rxe8 22. Qxe5 Qxe5 23. Nxe5 f5 24. Nxg6 hxg6 25. Rd7 Nc2 26. Rc1 Nxe1 27. Rxe1
Rc8 28. Rc1 Kf8 29. f3 Nf6 30. Rdd1 Re8 31. Rxc5 Rxe3 32. Rxc7 Re7 33. Rxe7
Kxe7 34. Kf2 g5 35. Ra1 Kf7 36. Ke3 Kg6 37. Kd4 g4 38. f4 g3 39. h3 Ne4 40. Ke5
Nc5 41. Ra3 Nd7+ 42. Kd6 Nf8 43. Rxg3+ Kf6 44. Ra3 g5 45. Ra8 Ne6 46. fxg5+
Nxg5 47. Rf8+ Kg7 48. Rxf5 Ne4+ 49. Ke5 Nd2 50. Kf4 Kg6 51. g4 Nb1 52. Rc5 Nd2
53. h4 Nb3 54. Rc6+ Kg7 55. g5 Nd4 56. Ra6 Ne2+ 57. Kg4 1-0

[Event "Fagernes Chess International"]
[Site "Fagernes"]
[Date "2015.03.29"]
[Round "8"]
[White "Donchenko, Irina"]
[Black "Lundberg, Alf W"]
[Result "0-1"]
[WhiteElo "2058"]
[BlackElo "1925"]
[PlyCount "70"]
[EventDate "2015.??.??"]

1. d4 Nf6 2. c4 Nc6 3. Nf3 d6 4. Nc3 e5 5. g3 Bg4 6. Bg2 Qd7 7. h3 Bxf3 8. Bxf3
Nxd4 9. Bxb7 Rb8 10. Bg2 Be7 11. O-O O-O 12. b3 c6 13. e3 Ne6 14. Ba3 Ne8 15.
Qf3 Rc8 16. g4 g6 17. Kh2 f5 18. gxf5 Rxf5 19. Qe2 Rh5 20. Ne4 Nf6 21. Nxf6+
Bxf6 22. Rad1 Ng5 23. Rxd6 Qf5 24. Rxf6 Qxf6 25. Qg4 Rd8 26. f4 Nf7 27. fxe5
Qxe5+ 28. Qf4 Qe6 29. Rf2 Ne5 30. Kg1 Rf5 31. Qg3 Rd1+ 32. Kh2 Rh5 33. Rf8+ Kg7
34. Bb2 Kxf8 35. Bxe5 Qxe5 0-1